| 000 | 00000nam 2200000za 4500 |
| 001 | 9.803436 |
| 003 | CaOODSP |
| 005 | 20221107135216 |
| 007 | cr ||||||||||| |
| 008 | 160712s2015 oncado ob f000 0 fre d |
| 020 | |a978-0-660-03326-6 |
| 040 | |aCaOODSP|bfre |
| 043 | |an-cn--- |
| 086 | 1 |aPH4-153/2015F-PDF |
| 245 | 00|aMetaScan 4 - l'avenir de l'Asie |h[ressource électronique] : |bimplications pour le Canada. |
| 260 | |a[Ottawa] : |bHorizons de politiques Canada, |cc2015. |
| 300 | |a79 p. : |bill. |
| 500 | |aPubl. aussi en anglais sous le titre : MetaScan 4 - the future of Asia: implications for Canada. |
| 504 | |aComprend des références bibliographiques. |
| 692 | 07|2gccst|aPolitique |
| 710 | 2 |aHorizons de politiques Canada. |
| 775 | 08|tMetaScan 4 - the future of Asia |w(CaOODSP)9.803435 |
| 856 | 40|qPDF|s8.53 Mo|uhttps://publications.gc.ca/collections/collection_2016/hpc-phc/PH4-153-2015-fra.pdf |